000 00518nam a22001817a 4500
999 _c172413
_d172413
005 20200205101941.0
010 _aA-688050
020 _c20.00
035 _aA-688050
037 _bBPPD/Pub.
082 _a841.08
100 _aمحمد امین اندرابی
245 _aاقبالیات /
_cمحمد امین اندرابی
260 _aSri Nagar
_bIqbal Institute
_c1989 ء
270 _aKashmir University
_bSri Nagar
300 _a155p.
_c21cm(Hb)
942 _2ddc
_cUR
_h841.08
_mا ق ب